000 01435cam a2200373 i 4500
001 768714001
003 CO-MdFUSB
005 20230330154849.0
007 ta
008 891013t1990 -us b 001 0 eng
010 _a 89029057
020 _a0664219195
040 _aDLC
_cCO-MdFUSB
_dDLC
_bspa
_erda
041 _aeng
082 0 0 _220
_a232.09015
_bG762
100 1 _aGrant, Robert M.
_d1917-2014.
_eautor
245 1 0 _aJesus after the Gospels :
_bthe Christ of the second century
_c/ Robert M. Grant.
264 1 _aEstados Unidos :
_bSCM Press,
_c1990
264 4 _c© 1990
300 _a134 páginas. ;
_c24 cm.
336 _2rdacontent
_atexto
_btxt
337 _2rdamedia
_asin mediación
_bn
338 _2rdacarrier
_avolumen
_bnc
500 _a"
504 _aIncluye referencias bibliográficas
505 _aCristología bíblica: la humanidad de Cristo - Cristología bíblica: la divinidad de Cristo - Cristologías gnósticas -Cristología en los Padres Apostólicos y Justino. -- La cristología cristiana judía de Teófilo - Herejía y cristología - Teología y cristología de Ireneo - Apéndice: Ireneo y el proceso del pensamiento - Notas - Libros y artículos citados - Índice.
563 _aTapa dura
650 0 _96734
_aCristología
_xHistoria.
653 _aHistoria de las doctrinas
942 _cBK
945 _aJTF-925
999 _c66650
_d66650